Wszystkie języki na JetPunk - Statystyki

Ogólne statystyki
  • Ten quiz został rozwiązany 19 razy
    2 od ostatniego zresetowania
  • Średni wynik to 22 z 30
Statystyki odpowiedzi
Język Polecany % Poprawnych
Angielski
100%
Niderlandzki
100%
Duński
100%
Fiński
100%
Francuski
100%
Grecki
100%
Hiszpański
100%
Japoński
100%
Koreański
100%
Niemiecki
100%
Norweski
100%
Polski
100%
Portugalski
100%
Rosyjski
100%
Szwedzki
100%
Turecki
100%
Włoski
100%
Arabski
50%
Azerski
50%
Bułgarski
50%
Chiński
50%
Chorwacki
50%
Czeski
50%
Kataloński
50%
Rumuński
50%
Serbski
50%
Węgierski
50%
Estoński
0%
Telugu
0%
Wenecki
0%
Nie znaleziono quizów pasujących do podanych kryteriów
Rozkład punktacji
Procent ludzi z każdym wynikiem
Percentyl według liczby udzielonych odpowiedzi
Twoja historia wyników
Nie rozwiązałeś tego quizu od ostatniego zresetowania